MDQL
is popping MORE tags! Check the
thread
!
Quizzes
Events
Quiz Creation
Community
Videos
Private Events
Remove Ads
Sign In
Join for FREE
Feedback
Dark Mode
Quiz Categories
Sports
Geography
Music
Movies
Television
Just For Fun
Miscellaneous
History
Literature
Language
Science
Gaming
Entertainment
Religion
Holiday
For Kids
Quiz Lab
Recent
Popular Today
Quiz Kudos Today
Editor Picks
Curator Picks
Quizzes by...
Day
Popularity
Type
Ratings
Length
Year
Community
Subscriptions
Recent Discussions
Orange Saloon
Badges
Playlists
Quests
Create
Leaderboards
Showdown
Live 5
Trivia Bingo
Activity
Puzzle Library
Sporcle Events
Private Events
Virtual Trivia
Globe League
Become a Host
Pub Owners
SporcleCon
Opinionation
Our Games
Videos
Blog
Mobile Apps
Partnerships
Remove Ads and Go Orange
Feedback
Language
Vocabulary
Begins and Ends
Definition
Spanish
French
German
Italian
Chinese
Latin
Translation
Japanese
Language
Vocabulary
Begins and Ends
Definition
Spanish
French
German
Italian
Chinese
Latin
Translation
Japanese
Random Quiz
Search Sporcle
×
Quiz Lab
Quiz Lab
Language
French
Type in answers that appear in a list
Type in answers that appear in a list
Classic
Best Score? Go Orange.
Can you name the colors in French? Stats
Can you name the colors in French?
By
giselleo0522
10m
10 Questions
23 Plays
23 Plays
23 Plays
Comments
Comments
Give Quiz Kudos
Give Quiz Kudos
-
- Ratings
hide this ad
Replay
Link that replays current quiz
Next Quiz
Link to next quiz in quiz playlist
You Got
0%
They Got
Avg Score
65%
Avg Friend Score
Upgrade to see
Score Distribution
Jump to the score distribution portion of the page
Score
0/10
Timer
10:00
0
Plays Today
Hint
Answer
% Correct
Red
Rouge
95.7%
White
Blanc
87%
Blue
Bleu
82.6%
Orange
Orange
73.9%
Yellow
Jaune
73.9%
Green
Vert
69.6%
Black
Noir
69.6%
Pink
Rose
65.2%
Purple
Pourpre
21.7%
Grey
Griz
13%
Quiz Playlist
Details
Report
Send in Message
Add To Playlist
Classic:
Type in answers that appear in a list
Last Updated: Feb 16, 2017
Quiz Scoreboard
CHALLENGE
Sign Up to Join the Scoreboard
Show All
Scores
Hide
Comments
May contain spoilers
Recently Published
Image Sorting: Flags VI
by Barbecue
Geography
2m
Find the 'City' Movie
by crazypaving
Movies
60s
Colored Red Africa Blitz
by spor1
Geography
45s
More to Explore
Quiz From the Vault
Featured Blog Post
14 Easter Pick-up Lines to Find Eggs With
hide this ad
You Might Also Like...
Tags
Color Quiz
French Quiz
Today's Top Quizzes in Language
Browse Language
hide this ad
Today's Top Quizzes in French
Browse French
Top Contributed Quizzes in Language
1
What Word Starts All?
2
Arabic Numerals
3
1-10 Letter F Words III
4
1-10 Letter G Words III
5
1-10 Letter H Words III
6
Weisst du, aus welchen Sprachen diese Wörter stammen?
7
1-10 Letter I Words III
8
Latihan Huruf Hiragana KA KI KU KE KO
9
1-10 Letter M Words III
10
1-10 Letter J Words III
Explore More
Trending Topics
NBA
Marvel
Kpop
Harry Potter
Crossword
Disney
Anime
WWE
Country
NFL
Song
Puzzle
Soccer
Pokémon
The Office
hide this ad
More By:
giselleo0522
Quiz
Plays
Rating
Category
Featured
Created
Types of Photography
90
1.00
Just For Fun
Feb 3, 2015
Can you name the colors in French?
23
Language
Feb 3, 2015
How Well Do You Know Me?
10
Just For Fun
Feb 3, 2015
Go to Creator's Profile
Score Distribution
Quiz Creator Spotlight
giselleo0522
Follow
Send a Message
Quizzes Created
-
Created Quiz Play Count
-
More By This Creator
Popular Quizzes Today
1
Colored Red Africa Blitz
2
Find the US States - No Outlines Minefield
3
Find the 'City' Movie
4
5x2 Blitz: Bands
5
The Countries of the World
6
Find the US States
7
Find the Countries of Europe - No Outlines Minefield
8
US States
More Language Quizzes
Build a Word
Published
Trending Quizzes
Colored Red Europe Blitz I
Colored Red Europe Blitz II
Colored Red Africa Blitz II
Colored Red Europe Blitz III
Colored Red Africa Blitz III
Recently Updated
How Do You Spell That?
pecheneg
Godzilla Movies
pecheneg
Grab Bag: 4-10 Letters
pecheneg
2024 March Madness Bracket
pecheneg
Famous TV Couples
Peacemaker
Champions League XIs: Real Madrid
pecheneg
Largest US Cities 1790-2010
pecheneg
Rides in Walt Disney World
pecheneg
Most Oscar Losses (Acting)
pecheneg
Beyoncé Albums
pecheneg
Trending Topics
Kpop
NBA
Anime
Marvel
Harry Potter
Crossword
Disney
Pokémon
Puzzle
Country
WWE
The Office
Song
Soccer
NFL
Your Account Isn't Verified!
In order to create a playlist on Sporcle, you need to verify the email address you used during registration. Go to your
Sporcle Settings
to finish the process.
Report this User
Report this user for behavior that violates our
Community Guidelines
.
Details:
Send Report
Go to the Sporcle.com Mobile Site →
Comments